The pleasures of children's literature
Αποθηκεύτηκε σε:
| Κύριος συγγραφέας: | |
|---|---|
| Μορφή: | Βιβλίο |
| Γλώσσα: | English |
| Δημοσίευση: |
New York :
Longman,
c1992
|
| Θέματα: | |
| Ετικέτες: |
Προσθήκη ετικέτας
Δεν υπάρχουν, Καταχωρήστε ετικέτα πρώτοι!
|
MARC
| LEADER | 00000cam a2200000 i 4500 | ||
|---|---|---|---|
| 001 | 1/73220 | ||
| 008 | 980604s1991 eng d | ||
| 020 | |a 0-8013-0219-6 | ||
| 035 | |l 10031458 | ||
| 035 | |a 1995 |b 3 |c Ζερβού | ||
| 040 | |a GR-MY-UA |b gre |e aacr | ||
| 041 | 0 | |a eng | |
| 082 | 0 | |a 809.89282 |2 (20) | |
| 100 | 1 | |a Nodelman, Perry. | |
| 245 | 1 | 4 | |a The pleasures of children's literature / |c Perry Nodelman |
| 260 | |a New York : |b Longman, |c c1992 | ||
| 300 | |a xiv, 256 p.; |b ill.; |c 24 cm | ||
| 504 | |a Περιέχει βιβλιογραφικές παραπομπές και ευρετήριο | ||
| 650 | 0 | 0 | |a Children's literature |x History and criticism. |
| 650 | 0 | 0 | |a Children |x Books and reading. |
| 852 | |a INST |b RHODES |e 19980604 |h 809.89282 NOD |p 005400011652 |q 005400011652 |t BK |y 0 | ||
| 909 | |a Ρ |b 043385 |c 1995 | ||